000 00485nam a2200145 4500
001 113894
003 ES-MaACL
007 t|
008 061121s1944 ag r ||||1| spa d
100 1 _aPagano, José León.
_988256
245 1 0 _aHistoria del Arte argentino
_b: desde los aborígenes al momento actual /
_cJosé León Pagano.
260 _aBuenos Aires :
_bL'Amateur,
_c1944.
300 _aXVII, 507 p. 2 láms. col. I-XXVIII :
_bil ;
_c29 cm.
852 _aES-MaACL
_jB-800
_bR.23625
999 _c113894
_d113894